1485 1636 1492 1081 1496 1749 1989 1178 1282 1049 1977 1349 1869 1927 1490 1110 1589 1501 1439 1307 1949 1175 1466 1578 1093 1809 1706 1688 1605 1883 1058 1070 1740 1729 1154 1114 1091 1040 1644 1306 1245 1808 1273 1524 1109 1974 1401 1816 1615 1319 1580 1873 1724 1229 1530 1105 1651 1726 1409 1802 1658 1686 1819 1198 1045 1203 1952 1296 1988 1043 1060 1293 1062 1636 1269 1990 1212 1985 1177 1464 1701 1848 1742 1328 1669 1248 1520 1440 1561 1053 1513 1757 1720 1756 1925 1118 1887 1279 1109 BCNSPRNW ULIB Ver.6.0+V

เปลี่ยนเป็นภาษาไทย

Change to English
 แสดงรายละเอียดบรรณานุกรม
  กลับหน้าหลัก

Brief Record : Get Marc (ISO 2709) : E-mail record : QR code < ปิดหน้าต่าง
LEADER : 00000nam 2200000uu 4500
001    13399112683
003     ULIB
008    110627s2553||||th 000 0 tha d
060  4 QT255^bพ976ศ 2553
100 0  ไพฑูรย์ มาผิว
245 00 ศักยภาพของชุมชนในการสร้างเสริมการออกกำลังกายของผู้สูงอายุ ตำบลไผ่ล้อม อำเภอลับแล จังหวัดอุตรดิตถ์/^cไพฑูรย์ มาผิว
260    อุตรดิตถ์ :^bวิทยาลัยพยาบาลบรมราชชนนี อุตรดิตถ์,^c2553
300    102 หน้า
650  7 การออกกำลังกาย^xผู้สูงอายุ^xวิจัย
650  7 ผู้สูงอายุ^xวิจัย
945    ^p0^l0^i029219
995    ทศพร
999 ^a ใช้งานได้ทุกระบบ
รายการนี้ยังไม่มีแท็ก
คุณยังไม่ได้ล็อกอิน คุณสามารถมีกิจกรรมร่วมกับเว็บไซต์ได้ แต่ต้องล็อกอินก่อน ::
  ล็อกอิน

รายการสื่อสารสนเทศ

ลำดับที่ ประเภท เลขเรียก/บาร์โค้ด สถานที่ สถานะ
- ไม่พบข้อมูล -

BibComment


ยังไม่เคยถูกคอมเมนท์

คอมเมนท์ทรัพยากรรายการนี้
  คอมเมนท์: ศักยภาพของชุมชนใน..


 Copyright 2026. Bcnsprnw @Library